| 000 | 01140nam a22002897a 4500 | ||
|---|---|---|---|
| 005 | 20130501114047.0 | ||
| 010 | _aENG-106932 | ||
| 020 |
_a9788177083200 _c835.00 |
||
| 035 | _aEN-90465 | ||
| 037 | _bDBAD/PUB | ||
| 082 | _a333.20954 | ||
| 100 | _a George, Rose Mary | ||
| 245 |
_a Common property resources and human rights : _cby Rose Mary George. _b politics of water struggles in India / |
||
| 260 |
_aNew Delhi _bNew Century Publications _c2012 |
||
| 270 |
_a4800/24, Bharat Ram Road, Ansari Road, Darya Ganj _bNew Delhi _e110002 |
||
| 300 |
_axxvii, 271p. _c23cm(Hb) |
||
| 500 | _aIncludes bibliographical references (p. [249]-264) vand index. | ||
| 650 |
_a Natural resources, Communal _z India _z Plachimada. |
||
| 650 |
_a Natural resources, Communal _z India _zSheonath. |
||
| 650 |
_a Water-supply _z India _zPlachimada. |
||
| 650 |
_a Water-supply _zIndia _zSheonath. |
||
| 650 |
_aPrivatization _z India _zPlachimada. |
||
| 650 |
_a Privatization _z India _z Sheonath. |
||
| 650 |
_a Water rights _zIndia _z Plachimada. |
||
| 650 |
_aWater rights _zIndia _zSheonath. |
||
| 942 |
_2ddc _cEN _h333.20954 _mGEO |
||
| 999 |
_c74919 _d74919 |
||